ბათუმის შოთა რუსთაველის სახელმწიფო უნივერსიტეტის ბიბლიოთეკა

Internationalism: opposing viewpoints (ბიბ.ჩანაწერი № 43822)

000 -LEADER
fixed length control field 00578nam a2200205Ia 4500
001 - CONTROL NUMBER
control field 10567
003 - CONTROL NUMBER IDENTIFIER
control field GE_BSU
005 - DATE AND TIME OF LATEST TRANSACTION
control field 20221116145149.0
008 - FIXED-LENGTH DATA ELEMENTS--GENERAL INFORMATION
fixed length control field 181216s1996en xx |||||||||||||| ||eng||
020 ## - INTERNATIONAL STANDARD BOOK NUMBER
International Standard Book Number 0899083587 x
040 ## - CATALOGING SOURCE
Transcribing agency GE_BSU
041 ## - LANGUAGE CODE
Language code of text/sound track or separate title eng
080 ## - UNIVERSAL DECIMAL CLASSIFICATION NUMBER
Universal Decimal Classification number 327.36 B-90
100 ## - MAIN ENTRY--PERSONAL NAME
Personal name Bruno,Leone.
9 (RLIN) 15861
245 ## - TITLE STATEMENT
Title Internationalism: opposing viewpoints
Remainder of title The Isms:Modern Doctrines and Movements /
Statement of responsibility, etc. Leone Bruno.
264 ## - PRODUCTION, PUBLICATION, DISTRIBUTION, MANUFACTURE, AND COPYRIGHT NOTICE
Place of production, publication, distribution, manufacture Greenhaven Press,
Date of production, publication, distribution, manufacture, or copyright notice 1986.
300 ## - PHYSICAL DESCRIPTION
Extent 175p.:
Other physical details 20 cm.
Dimensions ill,
653 ## - INDEX TERM--UNCONTROLLED
keyword Internationalism:opposing viewpoints.
942 ## - ADDED ENTRY ELEMENTS (KOHA)
Koha item type წიგნი
Source of classification or shelving scheme
ეგზემპლარები
Withdrawn status Lost status Source of classification or shelving scheme Damaged status Not for loan Permanent Location Current Location Shelving location Date acquired Full call number Barcode Date last seen Copy number Price effective from Koha item type
          ბათუმის შოთა რუსთაველის სახელმწიფო უნივერსიტეტის მთავარი ბიბლიოთეკა ბათუმის შოთა რუსთაველის სახელმწიფო უნივერსიტეტის მთავარი ბიბლიოთეკა წიგნსაცავი 2018-12-17 327.36 B-90 12312 2018-12-17 12312 2018-12-17 წიგნი